000 00268nam a2200109Ia 4500
008 190216s9999||||xx |||||||||||||| ||und||
100 _aNarayanan
245 0 _aHow To Develop Your Personality&Potentilities
260 _bS Chand & Co
650 _aEnglish
942 _cBK
999 _c13223
_d13223